[Event "Magnus Carlsen Invitational"]
[Site "chess24.com INT"]
[Date "2020.04.18"]
[EventDate "2020.04.18"]
[Round "1.1"]
[Result "1/2-1/2"]
[White "Ding Liren"]
[Black "Alireza Firouzja"]
[WhiteElo "2791"]
[BlackElo "2728"]
[PlyCount "83"]

1. d4 Nf6 2. c4 e6 3. Nf3 d5 4. Nc3 Bb4 5. e3 O-O 6. Bd2 b6
7. cxd5 exd5 8. Rc1 a6 9. Bd3 Bb7 10. O-O Bd6 11. Ne5 c5
12. f4 Nc6 13. Be1 cxd4 14. Nxc6 Bxc6 15. Ne2 Bd7 16. Nxd4 Re8
17. Qf3 Qe7 18. Bd2 Bc5 19. Rfe1 Bxd4 20. exd4 Ne4 21. Bxe4
dxe4 22. Qe3 Qe6 23. a3 Qd5 24. h3 h5 25. Qf2 Rac8 26. Rxc8
Rxc8 27. Rc1 Rxc1+ 28. Bxc1 Qc4 29. Be3 b5 30. Qd2 Be6 31. Qc1
Qd3 32. Qd2 Bd5 33. Qxd3 exd3 34. g3 Kh7 35. Kf2 Kg6 36. Bd2
Kf5 37. Ke3 Bc4 38. Bb4 g6 39. Bd2 Ke6 40. g4 hxg4 41. hxg4 f5
42. gxf5+ 1/2-1/2

[Event "Magnus Carlsen Invitational"]
[Site "chess24.com INT"]
[Date "2020.04.18"]
[EventDate "2020.04.18"]
[Round "1.2"]
[Result "0-1"]
[White "Alireza Firouzja"]
[Black "Ding Liren"]
[WhiteElo "2728"]
[BlackElo "2791"]
[PlyCount "90"]

1. e4 c5 2. Nc3 d6 3. Nf3 Nf6 4. d4 cxd4 5. Nxd4 a6 6. Be3 e5
7. Nb3 Be6 8. f3 h5 9. Qd2 Nbd7 10. O-O-O Be7 11. Kb1 b5
12. a3 Rc8 13. h3 h4 14. f4 O-O 15. f5 Bxb3 16. cxb3 Nc5
17. Bxc5 dxc5 18. Qe1 Qc7 19. g4 hxg3 20. Qxg3 Rfd8 21. Be2
Bf8 22. h4 Qb7 23. Qg2 Rd4 24. h5 Nxe4 25. Bf3 Nxc3+ 26. bxc3
e4 27. cxd4 exf3 28. Qg4 Qd5 29. Rd3 c4 30. Qxf3 Qd6 31. bxc4
bxc4 32. Rc3 Qxd4 33. Rhc1 Bxa3 34. R1c2 Be7 35. Qb7 Qd8
36. Rd2 Qf8 37. Kc2 Bf6 38. Rd7 Rb8 39. Qc7 Bxc3 40. Kxc3 Qb4+
41. Kd4 Qd2+ 42. Kc5 Rb5+ 43. Kxc4 Qc2+ 44. Kd4 Qxc7 45. Rxc7
Rxf5 0-1

[Event "Magnus Carlsen Invitational"]
[Site "chess24.com INT"]
[Date "2020.04.18"]
[EventDate "2020.04.18"]
[Round "1.3"]
[Result "1/2-1/2"]
[White "Ding Liren"]
[Black "Alireza Firouzja"]
[WhiteElo "2791"]
[BlackElo "2728"]
[PlyCount "84"]

1. Nf3 d5 2. g3 Nd7 3. d4 Nb6 4. Bg2 Bf5 5. O-O e6 6. Nbd2 c6
7. c4 dxc4 8. e4 Bg6 9. Qe2 Nf6 10. Rd1 Bb4 11. Ne5 c3
12. bxc3 Bxc3 13. Rb1 O-O 14. Nb3 Qe7 15. Bg5 Qa3 16. Rd3 Na4
17. h4 c5 18. Bxf6 gxf6 19. Nc4 Qb4 20. Nbd2 Bxd2 21. Rxb4
Bxb4 22. h5 b5 23. hxg6 bxc4 24. gxh7+ Kh8 25. Rf3 c3 26. a3
cxd4 27. axb4 Rac8 28. Qc2 Nb2 29. Bf1 Rfd8 30. Bd3 e5 31. g4
Kxh7 32. Kf1 Nxd3 33. Rxd3 Rc4 34. Qc1 Kg7 35. g5 f5 36. g6
fxe4 37. gxf7 exd3 38. Qg5+ Kxf7 39. Qf5+ Ke7 40. Qxe5+ Kf7
41. Qf5+ Ke7 42. Qe5+ Kf7 1/2-1/2

[Event "Magnus Carlsen Invitational"]
[Site "chess24.com INT"]
[Date "2020.04.18"]
[EventDate "2020.04.18"]
[Round "1.4"]
[Result "1/2-1/2"]
[White "Alireza Firouzja"]
[Black "Ding Liren"]
[WhiteElo "2728"]
[BlackElo "2791"]
[PlyCount "93"]

1. e4 e5 2. Nf3 Nc6 3. Bb5 Nf6 4. d3 Bc5 5. Bxc6 dxc6 6. O-O
Nd7 7. c3 h6 8. d4 Bd6 9. Nbd2 exd4 10. cxd4 O-O 11. h3 Nb6
12. Nb3 f5 13. e5 Be7 14. Qc2 f4 15. Nc5 Qd5 16. Qc3 Bxc5
17. Qxc5 Be6 18. b3 Qxc5 19. dxc5 Nd7 20. Re1 Rae8 21. Bb2 Bd5
22. Rad1 Nxc5 23. Ba3 b6 24. Bxc5 bxc5 25. Rc1 c4 26. Nd4 cxb3
27. axb3 Re7 28. e6 Rfe8 29. Re5 Bxe6 30. Rce1 Kf7 31. Nxc6
Rd7 32. R5e4 Rd6 33. Rxf4+ Kg8 34. Nxa7 Rb8 35. Rc1 Rb7
36. Nc6 Bxb3 37. Na5 Rb5 38. Nxb3 Rxb3 39. Rxc7 Rg6 40. g3
Rbb6 41. h4 Rgf6 42. Re4 Rb1+ 43. Kg2 Rb2 44. Re8+ Kh7
45. Ree7 Rbxf2+ 46. Kh3 Rg6 47. Re4 1/2-1/2

[Event "Magnus Carlsen Invitational"]
[Site "chess24.com INT"]
[Date "2020.04.20"]
[EventDate "2020.04.18"]
[Round "2.2"]
[Result "1-0"]
[White "Alireza Firouzja"]
[Black "Magnus Carlsen"]
[WhiteElo "2728"]
[BlackElo "2863"]
[PlyCount "85"]

1. e4 c5 2. Nf3 Nc6 3. Bb5 e6 4. Bxc6 bxc6 5. d3 Qc7 6. Qe2 e5
7. Nbd2 Ne7 8. Nc4 Ng6 9. h4 h5 10. g3 d6 11. Bd2 f6 12. Ne3
Be7 13. Ng1 Bd8 14. Qf3 Nf8 15. Ne2 Ne6 16. Qg2 a5 17. a4 Nd4
18. f4 Be6 19. b3 Qd7 20. f5 Bf7 21. Nc1 d5 22. O-O c4
23. bxc4 dxc4 24. dxc4 Bb6 25. Rb1 Qa7 26. Kh2 Rd8 27. Rb2 O-O
28. g4 Ne2 29. Qxe2 Rxd2 30. Qxd2 Bxe3 31. Qe2 Qd4 32. Nd3
Qxe4 33. Re1 Bf4+ 34. Kh3 Qxc4 35. gxh5 Bh6 36. Rb7 Qxa4
37. Rg1 Rd8 38. Rg3 Qa1 39. Nf2 Rd2 40. Rb8+ Kh7 41. Qg4 Qf1+
42. Rg2 Qxg2+ 43. Kxg2 1-0

[Event "Magnus Carlsen Invitational"]
[Site "chess24.com INT"]
[Date "2020.04.20"]
[EventDate "2020.04.18"]
[Round "2.3"]
[Result "1-0"]
[White "Magnus Carlsen"]
[Black "Alireza Firouzja"]
[WhiteElo "2863"]
[BlackElo "2728"]
[PlyCount "115"]

1. d4 Nf6 2. c4 e6 3. Nf3 d5 4. Nc3 Bb4 5. cxd5 exd5 6. Bf4
O-O 7. e3 Bf5 8. Qb3 Nc6 9. Nh4 Be6 10. Bd3 a5 11. O-O Nh5
12. Bg3 Nxg3 13. hxg3 Be7 14. Nf3 Nb4 15. Be2 c5 16. a3 c4
17. Qd1 Na6 18. b3 Nc7 19. bxc4 dxc4 20. a4 Bb4 21. Qc2 Bxc3
22. Qxc3 Nd5 23. Qa3 Rc8 24. Rfc1 Nb4 25. Rc3 Nd5 26. Rcc1 Nb4
27. Ne5 c3 28. Nd3 Qb6 29. Rab1 Bf5 30. Rb3 Bxd3 31. Bxd3 c2
32. Rxc2 Rxc2 33. Bxc2 Qc6 34. Bf5 Qd5 35. Bg4 Nc2 36. Qb2 Nb4
37. Rc3 b6 38. Be2 Qf5 39. Rc1 g6 40. Bb5 Rc8 41. Rxc8+ Qxc8
42. Qd2 Qf5 43. f3 Qg5 44. Kf2 Nd5 45. Qd3 h5 46. e4 Nb4
47. Qe3 Qf6 48. Qc3 Kh7 49. f4 Qe6 50. Qc4 Qxe4 51. Qxf7+ Kh6
52. Qf6 Kh7 53. Qe5 Qc2+ 54. Kg1 Qd2 55. Kh2 Nc2 56. Qe7+ Kh6
57. Qf8+ Kh7 58. Bc4 1-0

[Event "Magnus Carlsen Invitational"]
[Site "chess24.com INT"]
[Date "2020.04.20"]
[EventDate "2020.04.18"]
[Round "2.4"]
[Result "1/2-1/2"]
[White "Alireza Firouzja"]
[Black "Magnus Carlsen"]
[WhiteElo "2728"]
[BlackElo "2863"]
[PlyCount "127"]

1. e4 e5 2. Nf3 Nc6 3. Bb5 Nf6 4. d3 Bc5 5. Nc3 d6 6. Bg5 h6
7. Bxf6 Qxf6 8. Nd5 Qd8 9. b4 Bb6 10. c3 a6 11. Nxb6 cxb6
12. Bc4 b5 13. Bb3 O-O 14. O-O Qf6 15. Re1 Be6 16. a4 Rac8
17. axb5 axb5 18. Bxe6 Qxe6 19. Qe2 Rfd8 20. h3 d5 21. exd5
Rxd5 22. Rad1 Rcd8 23. Rd2 Qd6 24. Red1 Qg6 25. Ne1 Kh7
26. Nc2 R8d7 27. Ne3 R5d6 28. Nf1 Rd5 29. Qf3 Nd8 30. h4 h5
31. Ng3 Qg4 32. Nxh5 Qxf3 33. gxf3 Ne6 34. Ng3 Nf4 35. Ne4 b6
36. c4 Rd4 37. c5 Rxb4 38. cxb6 Rb7 39. Nd6 Rxb6 40. Nxf7 Ng6
41. h5 Rf4 42. Ng5+ Kh6 43. Ne4 Nh4 44. Kf1 Nxf3 45. Rc2 Kxh5
46. Rc8 b4 47. Ke2 b3 48. Rb1 b2 49. Rc5 Nd4+ 50. Kf1 Nf3
51. Rc2 Rb3 52. Nc5 Nd4 53. Nxb3 Nxc2 54. Rxb2 Ne3+ 55. Ke2
Rxf2+ 56. Kxf2 Nd1+ 57. Kf3 Nxb2 58. Ke4 g5 59. d4 exd4
60. Nxd4 g4 61. Nf3 g3 62. Kf4 g2 63. Kg3 Nd3 64. Kxg2 1/2-1/2

[Event "Magnus Carlsen Invitational"]
[Site "chess24.com INT"]
[Date "2020.04.24"]
[EventDate "2020.04.18"]
[Round "4.1"]
[Result "0-1"]
[White "Alireza Firouzja"]
[Black "Fabiano Caruana"]
[WhiteElo "2728"]
[BlackElo "2835"]
[PlyCount "78"]

1. d4 d5 2. c4 c6 3. Nf3 Nf6 4. Qc2 dxc4 5. e4 b5 6. b3 cxb3
7. axb3 e6 8. Bd3 Bb7 9. O-O Be7 10. Rd1 h6 11. Nc3 a6 12. h3
Nbd7 13. Be3 Rc8 14. e5 Nd5 15. Nxd5 cxd5 16. Qd2 Nb8 17. b4
Rc4 18. Rab1 Nd7 19. Ne1 Nb6 20. Qe2 Rxb4 21. Rxb4 Bxb4
22. Bxb5+ Nd7 23. Nd3 axb5 24. Nxb4 O-O 25. Qxb5 Qb6 26. Qxd7
Qxb4 27. Ra1 Qb6 28. Qe7 Bc6 29. Rc1 Bb5 30. Rc7 Bd3 31. Kh2
Bg6 32. Qc5 Qa6 33. Bf4 Rb8 34. Bg3 Rb1 35. Bh4 Bh5 36. Rc8+
Kh7 37. Qc2+ Bg6 38. Qc5 Qf1 39. Bf6 Be4 0-1

[Event "Magnus Carlsen Invitational"]
[Site "chess24.com INT"]
[Date "2020.04.24"]
[EventDate "2020.04.18"]
[Round "4.2"]
[Result "1-0"]
[White "Fabiano Caruana"]
[Black "Alireza Firouzja"]
[WhiteElo "2835"]
[BlackElo "2728"]
[PlyCount "73"]

1. d4 d5 2. c4 c6 3. Nf3 Nf6 4. e3 Bf5 5. Nc3 e6 6. Nh4 Be4
7. f3 Bg6 8. Qb3 Qc7 9. Bd2 Be7 10. g3 Nbd7 11. cxd5 cxd5
12. Rc1 Qd8 13. Nxg6 hxg6 14. Qxb7 O-O 15. Bb5 Nb6 16. Qa6 g5
17. Be2 e5 18. O-O exd4 19. exd4 Ne8 20. b3 Nd6 21. Nb5 Bf6
22. Bb4 Nxb5 23. Bxb5 Bxd4+ 24. Kg2 Qf6 25. Bxf8 Rxf8 26. Bd3
g6 27. a4 g4 28. fxg4 Qg5 29. Be2 Nd7 30. Qd3 Be3 31. Rc3 d4
32. Rc7 Qd5+ 33. Bf3 Qd6 34. Rc6 Qe7 35. Bd5 Ne5 36. Qe4 Kg7
37. Rcf6 1-0

[Event "Magnus Carlsen Invitational"]
[Site "chess24.com INT"]
[Date "2020.04.24"]
[EventDate "2020.04.18"]
[Round "4.3"]
[Result "1-0"]
[White "Alireza Firouzja"]
[Black "Fabiano Caruana"]
[WhiteElo "2728"]
[BlackElo "2835"]
[PlyCount "125"]

1. d4 d5 2. c4 c6 3. Nf3 Nf6 4. Qc2 e6 5. Nbd2 c5 6. cxd5 cxd4
7. Nxd4 Nxd5 8. a3 Be7 9. N2f3 O-O 10. e4 Nf6 11. e5 Nd5
12. Bd3 h6 13. Qe2 Nd7 14. Qe4 f5 15. exf6 N7xf6 16. Qe2 Qb6
17. O-O Bd7 18. Bc4 Bd6 19. Rd1 Rac8 20. Ba2 Rfe8 21. h3 Qa6
22. Qxa6 bxa6 23. Bd2 e5 24. Ne2 Be6 25. Ba5 Rc2 26. Rd2 Rxd2
27. Nxd2 Nf4 28. Bxe6+ Rxe6 29. Nxf4 exf4 30. Kf1 Nd7 31. Nc4
Be7 32. Rd1 Nb6 33. Nd2 Na4 34. b3 Nb6 35. a4 Kf7 36. Nf3 Bf6
37. Rc1 Nd5 38. Bd2 Rb6 39. b4 g5 40. Rc4 Ke6 41. Ne1 Rd6
42. a5 Ne7 43. Nf3 Rc6 44. Re4+ Kd5 45. Re1 Rc2 46. Rd1 Kc6
47. Re1 Kd5 48. Rd1 Kc6 49. Be1 Nd5 50. Rd4 Rc1 51. Re4 Kd6
52. Ke2 Rb1 53. Kd3 Rb3+ 54. Kc4 Rb1 55. Re8 Ne7 56. Kd3 Rb3+
57. Ke4 Rb1 58. Ra8 Nc6 59. Kf5 Bd8 60. Bc3 Rc1 61. Bg7 Kc7
62. Nd4 Nxb4 63. Ne6+ 1-0

[Event "Magnus Carlsen Invitational"]
[Site "chess24.com INT"]
[Date "2020.04.24"]
[EventDate "2020.04.18"]
[Round "4.4"]
[Result "1-0"]
[White "Fabiano Caruana"]
[Black "Alireza Firouzja"]
[WhiteElo "2835"]
[BlackElo "2728"]
[PlyCount "79"]

1. d4 Nf6 2. c4 g6 3. Nf3 Bg7 4. g3 O-O 5. Bg2 d6 6. O-O Ne4
7. Qc2 f5 8. Nbd2 Nxd2 9. Bxd2 e5 10. dxe5 dxe5 11. Bb4 Re8
12. Rad1 Qf6 13. Bc3 Nc6 14. Ne1 Qe7 15. Bd5+ Kh8 16. Nf3 Nb4
17. Qb3 Na6 18. Ne1 e4 19. Bxg7+ Qxg7 20. c5 c6 21. Bc4 Nxc5
22. Qa3 Nd7 23. Ng2 Ne5 24. Bb3 b6 25. Nf4 g5 26. Nh5 Qg6
27. Qd6 Ba6 28. Rfe1 Qxd6 29. Rxd6 Rad8 30. Rf6 Bc8 31. Rd1
Rxd1+ 32. Bxd1 Rd8 33. Bb3 c5 34. Bd5 c4 35. a4 Bd7 36. f4
gxf4 37. gxf4 Ng4 38. Rd6 Ne3 39. Be6 Re8 40. Rxd7 1-0

[Event "Magnus Carlsen Invitational"]
[Site "chess24.com INT"]
[Date "2020.04.30"]
[EventDate "2020.04.18"]
[Round "7.1"]
[Result "0-1"]
[White "Ian Nepomniachtchi"]
[Black "Alireza Firouzja"]
[WhiteElo "2784"]
[BlackElo "2728"]
[PlyCount "128"]

1. e4 c6 2. d4 d5 3. e5 Bf5 4. Nf3 e6 5. Be2 Ne7 6. c3 h6
7. O-O Nd7 8. Nbd2 a5 9. Re1 a4 10. Nf1 Bg6 11. Ng3 c5 12. Bb5
Qa5 13. Bxd7+ Kxd7 14. dxc5 Qxc5 15. Be3 Qb5 16. Nd4 Qd3
17. Qc1 Nc6 18. Rd1 Qc4 19. f4 Bc5 20. f5 Bxd4 21. Bxd4 Bxf5
22. Nxf5 exf5 23. Qf4 Ne7 24. Rab1 Ra6 25. b3 axb3 26. Rxb3 b5
27. Rdb1 Ra5 28. a4 Rha8 29. Qf3 Rxa4 30. Rxb5 Ra1 31. Rb7+
Ke6 32. Qd1 Rxb1 33. Qxb1 Ra6 34. h3 f4 35. Rb8 Qe2 36. Rb2
Qe4 37. Qf1 Rc6 38. Kh2 f3 39. Qxf3 Qxf3 40. gxf3 Nf5 41. Kg2
g5 42. Kf2 Ra6 43. Ke2 Nh4 44. Ke3 Ng6 45. Rb8 Nf4 46. Rh8 Kf5
47. Rf8 Kg6 48. Rg8+ Kh7 49. Rf8 Kg7 50. Rc8 Ra2 51. Bc5 Re2+
52. Kd4 Rd2+ 53. Ke3 Rd3+ 54. Kf2 Nxh3+ 55. Kg3 Nf4 56. Bf8+
Kg6 57. Rc6+ Ne6 58. Kf2 Rd2+ 59. Ke3 Ra2 60. Rc8 h5 61. Be7
h4 62. Rh8 h3 63. Rxh3 d4+ 64. Ke4 Re2+ 0-1

[Event "Magnus Carlsen Invitational"]
[Site "chess24.com INT"]
[Date "2020.04.30"]
[EventDate "2020.04.18"]
[Round "7.2"]
[Result "0-1"]
[White "Alireza Firouzja"]
[Black "Ian Nepomniachtchi"]
[WhiteElo "2728"]
[BlackElo "2784"]
[PlyCount "78"]

1. d4 f5 2. g3 Nf6 3. Bg2 g6 4. Nd2 Bg7 5. e4 fxe4 6. Nxe4
Nxe4 7. Bxe4 O-O 8. Bg2 d6 9. Nf3 c6 10. O-O Bg4 11. c3 Qd7
12. Re1 Kh8 13. Qd3 Na6 14. Ng5 Nc7 15. Qe4 h6 16. h3 Bf5
17. Qh4 Kg8 18. Ne4 g5 19. Qh5 Nd5 20. h4 Bg4 21. Qg6 e6
22. Nd2 Bf5 23. Qh5 Nf6 24. Qe2 gxh4 25. gxh4 Rae8 26. Nf1 Bg4
27. Qd3 Qf7 28. Bf4 Nh5 29. Bg3 Nxg3 30. fxg3 Qf2+ 31. Kh2 e5
32. dxe5 Bf3 33. Ne3 Rxe5 34. Qf1 Bxg2 35. Nxg2 Qxb2 36. Qd3
Rf2 37. Rxe5 Rxg2+ 38. Kh3 Rh2+ 39. Kg4 dxe5 0-1

[Event "Magnus Carlsen Invitational"]
[Site "chess24.com INT"]
[Date "2020.04.30"]
[EventDate "2020.04.18"]
[Round "7.3"]
[Result "1-0"]
[White "Ian Nepomniachtchi"]
[Black "Alireza Firouzja"]
[WhiteElo "2784"]
[BlackElo "2728"]
[PlyCount "57"]

1. e4 c6 2. d4 d5 3. e5 Bf5 4. Nf3 e6 5. Be2 Ne7 6. c3 h6
7. O-O Nd7 8. Nbd2 a5 9. Re1 a4 10. Nf1 Bg6 11. Ng3 c5 12. Bb5
Qa5 13. Bxd7+ Kxd7 14. dxc5 Nc6 15. Be3 Bxc5 16. c4 Rhd8
17. Bxc5 Qxc5 18. Nh4 Qxc4 19. Nxg6 fxg6 20. Rc1 Qxa2 21. Ne4
Rf8 22. Nc5+ Ke7 23. Qg4 d4 24. Qxg6 Rf7 25. Nxb7 Qxb2 26. Nd6
Qxf2+ 27. Kh1 Nxe5 28. Qe4 Kxd6 29. Qxe5+ 1-0

[Event "Magnus Carlsen Invitational"]
[Site "chess24.com INT"]
[Date "2020.04.30"]
[EventDate "2020.04.18"]
[Round "7.4"]
[Result "1-0"]
[White "Alireza Firouzja"]
[Black "Ian Nepomniachtchi"]
[WhiteElo "2728"]
[BlackElo "2784"]
[PlyCount "85"]

1. d4 f5 2. g3 Nf6 3. Bg2 g6 4. Nd2 Nc6 5. d5 Ne5 6. b3 Bg7
7. Bb2 Nf7 8. h4 c6 9. c4 O-O 10. Nh3 e5 11. dxe6 dxe6 12. Qc2
e5 13. O-O-O Qe7 14. e4 a5 15. a3 f4 16. gxf4 Bxh3 17. Bxh3
exf4 18. e5 Nh5 19. Nf3 Rad8 20. Bg4 Nxe5 21. Bxh5 gxh5
22. Rxd8 Nxf3 23. Rxf8+ Qxf8 24. Qe4 Bxb2+ 25. Kxb2 Qf6+
26. Ka2 Nxh4 27. Qe8+ Kg7 28. Qxh5 Qc3 29. Qxh4 Qc2+ 30. Ka1
Qc3+ 31. Kb1 Qxb3+ 32. Kc1 Qxa3+ 33. Kd2 Qb2+ 34. Kd3 Qb3+
35. Ke4 Qxc4+ 36. Kf3 Qd3+ 37. Kxf4 Qd4+ 38. Kg3 Qxh4+
39. Kxh4 Kf6 40. Ra1 b5 41. Rxa5 Ke5 42. Ra6 c5 43. Ra5 1-0

[Event "Magnus Carlsen Invitational"]
[Site "chess24.com INT"]
[Date "2020.04.30"]
[EventDate "2020.04.18"]
[Round "7.5"]
[Result "1-0"]
[White "Ian Nepomniachtchi"]
[Black "Alireza Firouzja"]
[WhiteElo "2784"]
[BlackElo "2728"]
[PlyCount "83"]

1. e4 c6 2. d4 d5 3. e5 Bf5 4. Nf3 e6 5. Be2 Ne7 6. c3 h6
7. O-O Nd7 8. Nbd2 a5 9. Re1 a4 10. Nf1 Bg6 11. Ng3 c5 12. Bb5
a3 13. b3 Nc6 14. Qe2 cxd4 15. Nxd4 Qb6 16. Be3 Bc5 17. Bxc6
bxc6 18. b4 Bxd4 19. Bxd4 Qb5 20. Qg4 h5 21. Qh4 c5 22. bxc5
Nxc5 23. Ne2 Nd3 24. Rf1 Qc4 25. Ng3 Rb8 26. f4 Nc5 27. f5
exf5 28. Nxf5 Bxf5 29. Rxf5 Ne6 30. Raf1 Rb7 31. Rxh5 Rxh5
32. Qxh5 Nxd4 33. Qh8+ Ke7 34. Qh4+ Ke8 35. cxd4 Rb4 36. Qh8+
Ke7 37. Qxg7 Qxd4+ 38. Kh1 Qf2 39. Qg5+ Ke6 40. Qc1 Qe2
41. Qc6+ Kxe5 42. Qe8+ 1-0

[Event "FIDE Chess.com Online Nations Cup"]
[Site "chess.com INT"]
[Date "2020.05.06"]
[EventDate "2020.05.05"]
[Round "4.1"]
[Result "1/2-1/2"]
[White "Alireza Firouzja"]
[Black "Vladislav Artemiev"]
[WhiteElo "2728"]
[BlackElo "2716"]
[PlyCount "154"]

1. e4 c5 2. Nf3 e6 3. d4 cxd4 4. Nxd4 Nc6 5. Nc3 a6 6. g3 Nxd4
7. Qxd4 b5 8. Bg2 Bb7 9. O-O Ne7 10. a4 Nc6 11. Qd1 b4 12. Nd5
Bc5 13. Qg4 O-O 14. Bh6 Bd4 15. c3 bxc3 16. bxc3 Be5 17. f4
Bf6 18. e5 exd5 19. exf6 Qxf6 20. Bg5 Qxc3 21. Qxd7 Rab8
22. Rac1 Qe3+ 23. Kh1 Qe6 24. Qxd5 Qxd5 25. Bxd5 Nd4 26. Bxb7
Rxb7 27. f5 h6 28. Be3 Rd8 29. Rc4 Rbd7 30. f6 g5 31. h4 gxh4
32. Rf4 Ne6 33. Rxh4 Nf8 34. Bxh6 Ng6 35. Rhe4 Rd6 36. Kg2 Rb8
37. Bg5 Rd5 38. Be3 Rb2+ 39. Kh3 Rh5+ 40. Kg4 Rd5 41. Bd4 Rd2
42. Bc3 R2d3 43. Rc8+ Kh7 44. Rc7 Kh6 45. Kh3 Rf3 46. Kg2 Rfd3
47. Be1 Rd7 48. Rxd7 Rxd7 49. Rc4 Rd6 50. Bc3 Kg5 51. Rc7 Rd3
52. Kf2 Kf5 53. Rc5+ Ke4 54. Rc4+ Kd5 55. Rc7 Ke4 56. Ba1 Rd1
57. Bc3 Rd3 58. Rc6 Kd5 59. Rc8 Ke4 60. Re8+ Kf5 61. Re3 Rd1
62. Ke2 Rb1 63. Kd3 Rb8 64. Kc4 Rc8+ 65. Kd5 Nf8 66. Re5+ Kg6
67. Re3 Nd7 68. Rf3 Nb6+ 69. Kd6 Nxa4 70. Bd4 Rd8+ 71. Ke5 Rb8
72. Rf4 Rb5+ 73. Kd6 Nb6 74. Rg4+ Kf5 75. Rf4+ Kg6 76. Rg4+
Kf5 77. Rf4+ Kg6 1/2-1/2

[Event "FIDE Chess.com Online Nations Cup"]
[Site "chess.com INT"]
[Date "2020.05.08"]
[EventDate "2020.05.05"]
[Round "7.2"]
[Result "1-0"]
[White "Alireza Firouzja"]
[Black "Vidit Santosh Gujrathi"]
[WhiteElo "2728"]
[BlackElo "2726"]
[PlyCount "119"]

1. e4 e5 2. Nc3 Nf6 3. Bc4 Nc6 4. d3 Bb4 5. Ne2 d5 6. exd5
Nxd5 7. O-O Be6 8. Bxd5 Bxd5 9. f4 f6 10. fxe5 Nxe5 11. Nf4
Bxc3 12. bxc3 O-O 13. c4 Bf7 14. Rb1 b6 15. Qe1 Re8 16. Qg3
Qd7 17. h3 Qa4 18. Rb3 Qxa2 19. Ne2 Qa4 20. Rxf6 Qd7 21. Rf2
Ng6 22. Bb2 Qd6 23. Qxd6 cxd6 24. Ng3 Be6 25. Nh5 Ne5 26. Rb5
Bf7 27. Ng3 Bg6 28. Rd5 Rad8 29. Bc3 h6 30. Rf1 Nc6 31. h4 Rf8
32. Re1 Bf7 33. Rb5 Rfe8 34. Rxe8+ Bxe8 35. Nf5 Rd7 36. Rd5
Ne7 37. Nxe7+ Rxe7 38. Rxd6 Ba4 39. Bb4 Rf7 40. c3 Rd7 41. c5
bxc5 42. Rxd7 Bxd7 43. Bxc5 a5 44. Kf2 Kf7 45. Ke3 Ke6 46. c4
Bc6 47. g3 Bg2 48. Bf8 Kf7 49. Ba3 Bf1 50. Kd4 g5 51. hxg5
hxg5 52. Kc3 Ke6 53. d4 g4 54. Bc1 a4 55. d5+ Kd6 56. Kd4 Bg2
57. c5+ Kc7 58. Ke5 Bf3 59. Ke6 Bg2 60. d6+ 1-0

[Event "FIDE Chess.com Online Nations Cup"]
[Site "chess.com INT"]
[Date "2020.05.09"]
[EventDate "2020.05.05"]
[Round "9.1"]
[Result "0-1"]
[White "Sergey Karjakin"]
[Black "Alireza Firouzja"]
[WhiteElo "2752"]
[BlackElo "2728"]
[PlyCount "78"]

1. e4 c6 2. d4 d5 3. e5 Bf5 4. Nf3 e6 5. Be2 Ne7 6. Nbd2 c5
7. dxc5 Nec6 8. Nb3 Bg4 9. O-O Nd7 10. Ne1 Bxe2 11. Qxe2 Nxc5
12. Nxc5 Bxc5 13. Nd3 Be7 14. Qg4 Kf8 15. Qh5 Kg8 16. Be3 Rc8
17. Rad1 Qa5 18. a3 Qa4 19. c3 a5 20. Bg5 h6 21. Bxe7 Nxe7
22. h3 Nf5 23. Rfe1 Rc4 24. g3 Qc6 25. Qf3 h5 26. Nf4 g6
27. Rd2 b5 28. Nd3 g5 29. Qg2 Kf8 30. Kh2 Ke7 31. Qh1 Rd8
32. Red1 Re4 33. Qg2 Qc4 34. Kg1 Rg8 35. Qh1 Rg6 36. Qg2 Nh4
37. Qh1 g4 38. gxh4 gxh3+ 39. Kf1 h2 0-1

[Event "FIDE Chess.com Online Nations Cup"]
[Site "chess.com INT"]
[Date "2020.05.09"]
[EventDate "2020.05.05"]
[Round "10.3"]
[Result "1-0"]
[White "Alireza Firouzja"]
[Black "Levon Aronian"]
[WhiteElo "2728"]
[BlackElo "2773"]
[PlyCount "81"]

1. e4 e5 2. Nc3 Nf6 3. Bc4 Nxe4 4. Qh5 Nd6 5. Bb3 Be7 6. Qxe5
O-O 7. d4 Nc6 8. Qf4 Na5 9. Bd5 Ne8 10. Bf3 Bb4 11. a3 Bxc3+
12. bxc3 d5 13. Ne2 c6 14. O-O Nc4 15. Ng3 Qf6 16. Be2 Qxf4
17. Bxf4 Ned6 18. Bd3 Bd7 19. a4 b6 20. f3 Rfe8 21. Kf2 f6
22. h4 Re6 23. Rfb1 g6 24. Ne2 Rae8 25. g4 R6e7 26. Ng3 Be6
27. Rh1 Bf7 28. g5 fxg5 29. Bxg5 Rd7 30. h5 Nb2 31. Be2 Be6
32. hxg6 hxg6 33. a5 b5 34. Rh6 Kg7 35. Rah1 Bg8 36. Bc1 Nbc4
37. Bd3 Re6 38. Rg1 Rf7 39. Bxg6 Rc7 40. Nh5+ Kf8 41. Rh8 1-0

[Event "Chessbrah May Invitational"]
[Site "chess.com INT"]
[Date "2020.05.16"]
[EventDate "2020.05.15"]
[Round "2.1"]
[Result "1/2-1/2"]
[White "Alireza Firouzja"]
[Black "Alexander Grischuk"]
[WhiteElo "2728"]
[BlackElo "2777"]
[PlyCount "128"]

1. d4 Nf6 2. c4 e6 3. Nf3 d5 4. Nc3 Nbd7 5. cxd5 exd5 6. Bg5
h6 7. Bh4 c6 8. h3 Bd6 9. e3 g5 10. Bg3 Bxg3 11. fxg3 Qc7
12. Kf2 Nh5 13. Ne5 Ng7 14. Nd3 Nb6 15. Rc1 Qe7 16. Be2 Bf5
17. Nc5 Ne6 18. b4 Nxc5 19. bxc5 Nd7 20. Bd3 Bxd3 21. Qxd3 f5
22. Rhf1 O-O 23. Kg1 Qe6 24. Rf3 Rf7 25. Rcf1 Raf8 26. Ne2 b6
27. cxb6 Nxb6 28. Nc3 Nc4 29. Na4 Qe4 30. Qe2 Re8 31. Nc3 Qe6
32. Qd3 Nxe3 33. Re1 f4 34. Nd1 Qe4 35. Qc3 Qg6 36. Nxe3 fxe3
37. Rfxe3 Rxe3 38. Qxe3 Kg7 39. Kh2 Qf6 40. Qe8 h5 41. Re6 Qf5
42. Re5 Qf6 43. Re6 Qf5 44. Rxc6 h4 45. Qe5+ Qxe5 46. dxe5 Re7
47. e6 Kf6 48. gxh4 gxh4 49. g3 d4 50. gxh4 d3 51. Kg3 d2
52. Rd6 Rxe6 53. Rxd2 Ra6 54. Kg4 Kg6 55. h5+ Kh6 56. Rf2 Ra4+
57. Rf4 Rxa2 58. Rf6+ Kh7 59. h6 Rc2 60. Ra6 Rc4+ 61. Kg5 Rc5+
62. Kg4 Rc4+ 63. Kg5 Rc5+ 64. Kg4 Rc4+ 1/2-1/2

[Event "Chessbrah May Invitational"]
[Site "chess.com INT"]
[Date "2020.05.16"]
[EventDate "2020.05.15"]
[Round "2.2"]
[Result "1/2-1/2"]
[White "Alexander Grischuk"]
[Black "Alireza Firouzja"]
[WhiteElo "2777"]
[BlackElo "2728"]
[PlyCount "47"]

1. d4 Nf6 2. c4 e6 3. Nf3 d5 4. Nc3 Bb4 5. cxd5 exd5 6. Bg5 h6
7. Bh4 O-O 8. e3 Bf5 9. Be2 Nbd7 10. Qb3 Bxc3+ 11. bxc3 c5
12. dxc5 g5 13. Bg3 Nxc5 14. Qb4 Nfe4 15. O-O Rc8 16. Rfd1 a5
17. Qa3 Re8 18. Rac1 h5 19. c4 Qf6 20. Rxd5 Be6 21. Rdd1 Bf5
22. Rd5 Be6 23. Rdd1 Bf5 24. Rd5 1/2-1/2

[Event "Chessbrah May Invitational"]
[Site "chess.com INT"]
[Date "2020.05.16"]
[EventDate "2020.05.15"]
[Round "2.3"]
[Result "1/2-1/2"]
[White "Alireza Firouzja"]
[Black "Alexander Grischuk"]
[WhiteElo "2728"]
[BlackElo "2777"]
[PlyCount "122"]

1. e4 e5 2. Nf3 Nc6 3. Bb5 Nf6 4. d3 Bc5 5. Ba4 d6 6. O-O O-O
7. c3 Ne7 8. Nbd2 Ng6 9. Re1 c6 10. Bc2 Bb6 11. h3 h6 12. d4
Re8 13. Nf1 d5 14. Nxe5 Nxe5 15. dxe5 Nxe4 16. Bxe4 dxe4
17. Qh5 Re6 18. Bf4 Qe8 19. Rad1 Bc7 20. Ng3 Bxe5 21. Bxe5
Rxe5 22. Qh4 Bf5 23. Nxf5 Rxf5 24. Qxe4 Qxe4 25. Rxe4 a5
26. Re7 b5 27. Rd6 Rc8 28. g4 Rd5 29. Rxd5 cxd5 30. Rb7 d4
31. cxd4 b4 32. Rb5 Rc2 33. Rxa5 Rxb2 34. Kg2 b3 35. axb3 Rxb3
36. h4 Kf8 37. f3 Rd3 38. d5 Rd2+ 39. Kg3 g5 40. Ra8+ Ke7
41. Ra7+ Kf8 42. Rd7 Ke8 43. Rd6 Ke7 44. Rxh6 gxh4+ 45. Rxh4
Rxd5 46. Rh5 Rd1 47. Ra5 Rd3 48. Kf4 f6 49. Ke4 Rb3 50. f4 Ke6
51. Ra6+ Kf7 52. Rd6 Ra3 53. Rd5 Ke6 54. Rd4 f5+ 55. gxf5+ Kf6
56. Rd6+ Kf7 57. f6 Ra5 58. Kf3 Rb5 59. Kg4 Ra5 60. Rc6 Rb5
61. Ra6 Rc5 1/2-1/2